• 首页
  • 本馆介绍
  • 公告通知
  • 最新文献
  • 馆藏检索
  • 电子资源
  • 读者导购
  • 参考咨询
  • 我的图书馆
  • 登录
  • 详细信息显示
  • 放入我的书架
  • 预约/预借图书
  • 作者相关作品
  • 分类相关作品
  • 丛书相关作品
  • 出版社相关作品

书目信息

  • 表格格式
  • 工作单格式
  • 卡片格式
题名:
生物实验报告册
    
 
作者: ;人民教育出版社生物自然室 编著
分册: 第二册  
出版信息: 北京   人民教育出版社  1995
页数: 58页
开本: 26cm
丛书名:
单 册:
中图分类: Q-33 , G633.91
科图分类:
主题词: 实验生物学 , 教育--各级
电子资源:
ISBN: 7-107-01971-6
000 00870nam0 2200265 45
001 0194011922
005 20070622100648.92
010    @a7-107-01971-6@dCNY3.30
100    @a19940227d1995 em y0chiy0121 ea
101 0  @achi
102    @aCN@b110000
105    @ay z 000yy
200 10 @a生物实验报告册@Asheng wu shi yan bao gao ce@h第二册@f人民教育出版社生物自然室编著@Fren min jiao yu chu ban she sheng wu zi ran shi bian zhu
205    @a2版
210    @a北京@c人民教育出版社@d1995
215    @a58页@d26cm
300    @a九年义务教育三年制初级中学生物第二册
540 1  @a生物 实验@ASHENG WU SHI YAN
606    @a实验生物学
606 0  @a教育@x各级
690    @aQ-33@v4
690    @aG633.91@v3
711 02 @a人民教育出版社生物自然室@Aren min jiao yu chu ban she sheng wu zi ran shi@4编著
801  0 @aCN@bTSSF@c20070622
905    @a10447@dG633.91@e136:2=2
    
    生物实验报告册.第二册/人民教育出版社生物自然室编著.-2版.-北京:人民教育出版社,1995
    58页;26cm
    九年义务教育三年制初级中学生物第二册
    
    ISBN 7-107-01971-6:CNY3.30
    
●
相关链接 在E读中查询图书 在五车中查询图书 在当当中查询图书 在豆瓣中查询图书


正题名:生物实验报告册     索取号:G633.91/136:2=2         预约/预借

序号 登录号 条形码 馆藏地/架位号 状态 备注
1 0408981   204089814   第一样本阅览室/ [索取号:G633.91/136:2=2] 在馆    
2 0408982   204089823   密集书库/ [索取号:G633.91/136:2=2] 在馆    
3 0408983   204089832   密集书库/ [索取号:G633.91/136:2=2] 在馆    
4 0408984   204089841   密集书库/ [索取号:G633.91/136:2=2] 在馆    
5 0408985   204089850   密集书库/ [索取号:G633.91/136:2=2] 在馆    
6 0408986   204089869   密集书库/ [索取号:G633.91/136:2=2] 在馆    
7 0650624   206506244   库房3/ [索取号:G633.91/136:2=2] 在馆    
8 0650625   206506253   库房3/ [索取号:G633.91/136:2=2] 在馆    
9 0650626   206506262   库房3/ [索取号:G633.91/136:2=2] 在馆    
10 0650627   206506271   库房3/ [索取号:G633.91/136:2=2] 在馆    
11 0650628   206506280   库房3/ [索取号:G633.91/136:2=2] 在馆    
12 0650629   206506299   库房3/ [索取号:G633.91/136:2=2] 在馆    
13 0650630   206506306   库房3/ [索取号:G633.91/136:2=2] 在馆    
14 0650631   206506315   库房3/ [索取号:G633.91/136:2=2] 在馆    
15 0650632   206506324   库房3/ [索取号:G633.91/136:2=2] 在馆    
16 0650633   206506333   库房3/ [索取号:G633.91/136:2=2] 在馆    
17 0650634   206506342   库房3/ [索取号:G633.91/136:2=2] 在馆    
18 0650635   206506351   库房3/ [索取号:G633.91/136:2=2] 在馆    
19 0650636   206506360   库房3/ [索取号:G633.91/136:2=2] 在馆    
20 0650637   206506379   库房3/ [索取号:G633.91/136:2=2] 在馆    
21 0650638   206506388   库房3/ [索取号:G633.91/136:2=2] 在馆    
22 0650639   206506397   库房3/ [索取号:G633.91/136:2=2] 在馆    
23 0650640   206506404   库房3/ [索取号:G633.91/136:2=2] 在馆    
24 0650641   206506413   库房3/ [索取号:G633.91/136:2=2] 在馆    
25 0650642   206506422   库房3/ [索取号:G633.91/136:2=2] 在馆    
26 0650643   206506431   库房3/ [索取号:G633.91/136:2=2] 在馆    
27 0650644   206506440   库房3/ [索取号:G633.91/136:2=2] 在馆    
28 0650645   206506459   库房3/ [索取号:G633.91/136:2=2] 在馆    
29 0650646   206506468   库房3/ [索取号:G633.91/136:2=2] 在馆    
30 0650647   206506477   库房3/ [索取号:G633.91/136:2=2] 在馆    
31 0650648   206506486   库房3/ [索取号:G633.91/136:2=2] 在馆    
32 0650649   206506495   库房3/ [索取号:G633.91/136:2=2] 在馆    
33 0650650   206506501   库房3/ [索取号:G633.91/136:2=2] 在馆    
34 0650651   206506510   库房3/ [索取号:G633.91/136:2=2] 在馆    
35 0650652   206506529   库房3/ [索取号:G633.91/136:2=2] 在馆    
36 0650653   206506538   库房3/ [索取号:G633.91/136:2=2] 在馆    
37 0650654   206506547   库房3/ [索取号:G633.91/136:2=2] 在馆    
38 0650655   206506556   库房3/ [索取号:G633.91/136:2=2] 在馆    
39 0650656   206506565   库房3/ [索取号:G633.91/136:2=2] 在馆    
40 0650657   206506574   库房3/ [索取号:G633.91/136:2=2] 在馆    
41 0652199   206521995   第一样本阅览室/ [索取号:G633.91/136:2=2] 在馆    
42 0652200   206522002   密集书库/ [索取号:G633.91/136:2=2] 在馆    
43 0652201   206522011   密集书库/ [索取号:G633.91/136:2=2] 在馆    
44 0652202   206522020   密集书库/ [索取号:G633.91/136:2=2] 在馆    
45 0652203   206522039   密集书库/ [索取号:G633.91/136:2=2] 在馆    
46 0652204   206522048   密集书库/ [索取号:G633.91/136:2=2] 在馆    
47 0652205   206522057   密集书库/ [索取号:G633.91/136:2=2] 在馆    
唐山师范学院图书馆 欢迎您!
大连网信软件有限公司© 版权所有